Sous le regard des dieux /
محفوظ في:
المؤلف الرئيسي:
مؤلفون آخرون: , ,
التنسيق: كتاب
اللغة: French
منشور في:
Paris :
Albin Michel,
c2003.
الموضوعات:
الوسوم: إضافة وسم
لا توجد وسوم, كن أول من يضع وسما على هذه التسجيلة!
رقم الطلب: PJ1064 .D47 D47 2003
| LEADER | 01068nam a22002897a 4500 | ||
|---|---|---|---|
| 003 | OSt | ||
| 005 | 20251013111118.0 | ||
| 008 | 251013t2003 fr af g b 000 0bfre d | ||
| 020 | |a 222613753X | ||
| 040 | |c ARCE Library | ||
| 043 | |a e-fr--- |a f-ua--- | ||
| 050 | 1 | 4 | |a PJ1064 .D47 |b D47 2003 |
| 100 | 1 | |a Desroches-Noblecourt, Christiane, |d 1913-2011, |e author | |
| 245 | 1 | 0 | |a Sous le regard des dieux / |c Christiane Desroches Noblecourt ; entretiens avec Catherine David, Isabelle Franco et Jean-Philippe de Tonnac. |
| 264 | 1 | |a Paris : |b Albin Michel, |c c2003. | |
| 300 | |a 381 pages, 24 pages of plates : |b illustrations (some color) ; |c 24 cm. | ||
| 504 | |a Includes bibliographical references (p. 369-[379]). | ||
| 555 | |a shimaa | ||
| 600 | 1 | 0 | |a Desroches-Noblecourt, Christiane, |d 1913-2011 |v Interviews. |
| 650 | 0 | |a Egyptologists |z France |v Interviews. | |
| 651 | 0 | |a Egypt |x Antiquities. | |
| 700 | 1 | |a David, Catherine, |d 1949- | |
| 700 | 1 | |a Franco, Isabelle. | |
| 700 | 1 | |a Tonnac, Jean-Philippe de. |9 41186 | |
| 901 | |a reviewed | ||
| 942 | |c BK |2 lcc | ||
| 999 | |c 24323 |d 24323 | ||
